[Event "OLNN 1920 SC Diogenes - SC Königssprin"]
[Site "?"]
[Date "2021.08.15"]
[Round "9.8"]
[White "Kilic, Oguz"]
[Black "Khalaf, Ayman"]
[Result "1-0"]
[WhiteElo "2042"]
[BlackElo "1807"]
[PlyCount "75"]
[EventDate "2021.??.??"]

1. e4 e5 2. Nf3 Nc6 3. Bc4 Bc5 4. Nc3 Nf6 5. d3 h6 6. Be3 Bxe3 7. fxe3 d6 8.
Qd2 Na5 9. Bb3 O-O 10. O-O-O Nxb3+ 11. axb3 a5 12. h3 Bd7 13. g4 Nh7 14. Qf2 c6
15. Nh4 g6 16. Rdf1 b5 17. Rhg1 a4 18. bxa4 b4 19. Nd1 Rxa4 20. Qg3 Kh8 21. Rf2
Be6 22. Nf5 gxf5 23. gxf5 Rg8 24. Qxg8+ Qxg8 25. Rxg8+ Kxg8 26. fxe6 fxe6 27.
Rg2+ Kf7 28. h4 d5 29. exd5 exd5 30. Nf2 h5 31. e4 Ra8 32. Rg3 Rf8 33. Kd2 Ke6
34. Nh3 Rf7 35. Rg6+ Rf6 36. Rg7 Rf7 37. Rxh7 Rxh7 38. Ng5+ 1-0

[Event "OLNN 1920 SK Norderstedt - SF Schwerin"]
[Site "?"]
[Date "2021.08.15"]
[Round "9.1"]
[White "Kesten, Sebastian"]
[Black "Olszewski, Michal"]
[Result "1/2-1/2"]
[WhiteElo "2289"]
[BlackElo "2525"]
[PlyCount "23"]
[EventDate "2021.??.??"]

1. c4 Nf6 2. g3 c6 3. Bg2 d5 4. cxd5 cxd5 5. Nf3 Nc6 6. d4 Bf5 7. O-O e6 8. Qb3
a6 9. Bd2 b5 10. Rc1 Na5 11. Bxa5 Qxa5 12. Nbd2 {(=)} 1/2-1/2

[Event "OLNN 1920 SK Norderstedt - SF Schwerin"]
[Site "?"]
[Date "2021.08.15"]
[Round "9.2"]
[White "Ostrovskiy, Andrey"]
[Black "Schulz, Karsten"]
[Result "1-0"]
[WhiteElo "2422"]
[BlackElo "2302"]
[PlyCount "41"]
[EventDate "2021.??.??"]

1. e4 d6 2. d4 Nf6 3. f3 e5 4. d5 Be7 5. Be3 Nh5 6. c4 Bg5 7. Bf2 O-O 8. Nc3 g6
9. g3 f5 10. exf5 gxf5 11. f4 Nxf4 12. gxf4 Bxf4 13. Nh3 Bh6 14. Qh5 Bg7 15.
Bh4 Qe8 16. Qxe8 Rxe8 17. Rg1 Kh8 18. Be2 f4 19. Ng5 Rf8 20. Bh5 h6 21. Nf7+
1-0

[Event "OLNN 1920 SK Norderstedt - SF Schwerin"]
[Site "?"]
[Date "2021.08.15"]
[Round "9.3"]
[White "De Jong, Migchiel"]
[Black "Kopylov, Michael"]
[Result "1-0"]
[WhiteElo "2345"]
[BlackElo "2392"]
[PlyCount "97"]
[EventDate "2021.??.??"]

1. e4 e5 2. Nf3 d6 3. d4 exd4 4. Nxd4 Nf6 5. Nc3 Be7 6. g3 O-O 7. Bg2 Re8 8.
O-O Bf8 9. h3 Na6 10. Nb3 c6 11. Bf4 Nc7 12. Qd2 Ne6 13. Be3 Qc7 14. Rad1 Bd7
15. f4 Rad8 16. g4 Bc8 17. Qf2 b6 18. Nd4 Nxd4 19. Bxd4 d5 20. Bxf6 gxf6 21.
exd5 Bc5 22. Rd4 f5 23. gxf5 Bxf5 24. Kh1 Bxd4 25. Qxd4 Qe7 26. Rg1 c5 27. Be4+
Bg6 28. Qf2 Qf6 29. f5 Kf8 30. Bd3 c4 31. Bxc4 Qxf5 32. Qh4 Kg7 33. Rf1 Qe5 34.
Bd3 Rd6 35. Rf2 Bxd3 36. cxd3 Qe1+ 37. Kh2 Rg6 38. Qd4+ Kg8 39. Rf3 Qe5+ 40.
Qxe5 Rxe5 41. d4 Re1 42. Rf2 a5 43. a4 Kf8 44. Ne2 Ke7 45. Ng3 Rf6 46. d6+ Ke6
47. d5+ Ke5 48. Rxf6 Kxf6 49. Nh5+ 1-0

[Event "OLNN 1920 SK Norderstedt - SF Schwerin"]
[Site "?"]
[Date "2021.08.15"]
[Round "9.4"]
[White "Hagenstein, Frank"]
[Black "Hilwerda, Jonas"]
[Result "1/2-1/2"]
[WhiteElo "2234"]
[BlackElo "2240"]
[PlyCount "30"]
[EventDate "2021.??.??"]

1. d4 Nf6 2. c4 g6 3. g3 Bg7 4. Bg2 O-O 5. Nc3 d6 6. Nf3 Nc6 7. O-O e5 8. dxe5
dxe5 9. Bg5 h6 10. Qxd8 Rxd8 11. Bxf6 Bxf6 12. Nd5 Kg7 13. Nxc7 Rb8 14. e4 Bg5
15. Nd5 b5 {(=)} 1/2-1/2

[Event "OLNN 1920 SK Norderstedt - SF Schwerin"]
[Site "?"]
[Date "2021.08.15"]
[Round "9.5"]
[White "Wolf, Christoph"]
[Black "Michna, Christian"]
[Result "1/2-1/2"]
[WhiteElo "2210"]
[BlackElo "2223"]
[PlyCount "32"]
[EventDate "2021.??.??"]

1. e4 e6 2. d4 d5 3. Bd3 dxe4 4. Bxe4 Nf6 5. Bf3 c5 6. Ne2 Nc6 7. Be3 e5 8.
Bxc6+ bxc6 9. dxe5 Qxd1+ 10. Kxd1 Ng4 11. Nd2 Nxe5 12. h3 Ba6 13. f4 Nd7 14. c4
O-O-O 15. Re1 g6 16. Kc2 f5 {(=)} 1/2-1/2

[Event "OLNN 1920 SK Norderstedt - SF Schwerin"]
[Site "?"]
[Date "2021.08.15"]
[Round "9.7"]
[White "Rittemann, Steffen"]
[Black "Meyer, Falko"]
[Result "1/2-1/2"]
[WhiteElo "2153"]
[BlackElo "2206"]
[PlyCount "60"]
[EventDate "2021.??.??"]

1. e4 c6 2. d4 d5 3. exd5 cxd5 4. Bd3 Nc6 5. c3 g6 6. Bf4 Bf5 7. Bxf5 gxf5 8.
Nf3 e6 9. Qb3 Qd7 10. Na3 Rc8 11. Ne5 Nxe5 12. Bxe5 f6 13. Bg3 Ne7 14. O-O Ng6
15. f3 a6 16. Rfe1 h5 17. Rxe6+ Qxe6 18. Re1 Ne5 19. Bxe5 Kf7 20. Qxb7+ Kg6 21.
Bg3 Qc6 22. Qb3 h4 23. Bf4 Bxa3 24. Qxa3 Rhe8 25. Bd2 Rxe1+ 26. Bxe1 Qe6 27.
Bf2 Qe2 28. h3 Qe6 29. Qb3 Re8 30. Bxh4 f4 {(=)} 1/2-1/2

[Event "OLNN 1920 SK Norderstedt - SF Schwerin"]
[Site "?"]
[Date "2021.08.15"]
[Round "9.8"]
[White "Eichstaedt, Enrico"]
[Black "Schmidt, Arne"]
[Result "0-1"]
[WhiteElo "1939"]
[BlackElo "1674"]
[PlyCount "72"]
[EventDate "2021.??.??"]

1. e4 c6 2. d4 d5 3. exd5 cxd5 4. c4 Nf6 5. Nc3 e6 6. a3 Be7 7. Nf3 O-O 8. Bd3
dxc4 9. Bxc4 a6 10. O-O b5 11. Ba2 Bb7 12. Ne5 Nbd7 13. Qe2 Rc8 14. Re1 Nxe5
15. dxe5 Nd5 16. Nxd5 Bxd5 17. Rd1 Bc5 18. b4 Ba7 19. Bb2 Rc7 20. Bxd5 exd5 21.
Bd4 Bxd4 22. Rxd4 Rc4 23. Rad1 Rxd4 24. Rxd4 Qd7 25. Qd3 Rd8 26. Rh4 h6 27. Qg3
d4 28. Rxh6 Qc7 29. Qg5 d3 30. Rd6 Rxd6 31. exd6 Qxd6 32. Qd2 Qd4 33. Kf1 Qa1+
34. Qe1 Qd4 35. Qd2 g6 36. g4 Qe4 0-1